Business law (Record no. 179461)

MARC details
000 -LEADER
fixed length control field 00372nam a2200157Ia 4500
005 - DATE AND TIME OF LATEST TRANSACTION
control field 20241217103214.0
008 - FIXED-LENGTH DATA ELEMENTS--GENERAL INFORMATION
fixed length control field 231217s9999 xx 000 0 und d
020 ## - INTERNATIONAL STANDARD BOOK NUMBER
International Standard Book Number 9798174464827
082 ## - DEWEY DECIMAL CLASSIFICATION NUMBER
Classification number 645.0268 GUL1;1
100 ## - MAIN ENTRY--PERSONAL NAME
Personal name Gulshan, S S.
245 #0 - TITLE STATEMENT
Title Business law
250 ## - EDITION STATEMENT
Edition statement 3rd ed.
260 ## - PUBLICATION, DISTRIBUTION, ETC. (IMPRINT)
Date of publication, distribution, etc. 2006
Name of publisher, distributor, etc. Exell Books
Place of publication, distribution, etc. New Delhi
300 ## - PHYSICAL DESCRIPTION
Extent ix+723
942 ## - ADDED ENTRY ELEMENTS (KOHA)
Koha item type Books
Holdings
Date last seen Total Checkouts Full call number Accession number Old discount Uniform Resource Identifier Cost, replacement price Price effective from Category Public note Lost status Damaged status Department Withdrawn status bill no. bill date Permanent Location Current Location Shelving location Entry date Vendor Cost, normal purchase price Grants Currency symbol Conversion rate Discount Discount type
26/01/2024   645.0268 GUL1;1 46130 20 digital/contents/54172.pdf 280.00 26/01/2024 Books Book replaced by 24496/MBA     MBA   280 27/11/2008 Central Library Central Library MBA 12/09/2007 Sri Lakshmi 350.00 MBA RS 1 70 Rupees
26/01/2024   645.0268 GUL1;2 46131 20 digital/contents/54172.pdf 280.00 26/01/2024 Books       MBA   280 27/11/2008 Central Library Central Library MBA 12/09/2007 Sri Lakshmi 350.00 MBA RS 1 70 Rupees
26/01/2024   645.0268 GUL1;3 46132 20 digital/contents/54172.pdf 280.00 26/01/2024 Books       Central Library   280 27/11/2008 Central Library Central Library Central Library 12/09/2007 Sri Lakshmi 350.00 MBA RS 1 70 Rupees
26/01/2024   645.0268 GUL1;4 46133 20 digital/contents/54172.pdf 280.00 26/01/2024 Books       Central Library   280 27/11/2008 Central Library Central Library Central Library 12/09/2007 Sri Lakshmi 350.00 MBA RS 1 70 Rupees
26/01/2024   645.0268 GUL1;5 46134 20 digital/contents/54172.pdf 280.00 26/01/2024 Books       Central Library   280 27/11/2008 Central Library Central Library Central Library 12/09/2007 Sri Lakshmi 350.00 MBA RS 1 70 Rupees

© For any Suggestions or Query, please contact the library staff @ librarian@pes.edu or Phone: +9180 2672 1983/ 2108.